000 00984nas a2200325 4500
001 BR2012007324
003 BR-BrBNA
005 20231205121307.0
007 ta
008 230509b bl.|||p| |||| 00| 00por d
040 _aBR-BrBNA
_bpor
_cBiblioteca Nacional de Agricultura
041 _a(Pt)
072 _aL73
100 1 _aRauber Junior, L.E.
100 1 _aCavaler, A de C.
100 1 _aAraújo Junior, G.V. de
100 1 _aLeiria, S.V.
100 1 _aZampieri, T.M.
100 1 _aMerlini, L.S.
100 1 _aMartins, L. de A.
245 1 _aSoroprevalência de leptospirose suína na região noroeste do Paraná
650 _aSUÍNO
650 _aLEPTOSPIROSE
650 _aBACTÉRIA
650 _aSORO-AGLUTINAÇÃO
650 _aPARANÁ
773 0 _tArquivos de Ciências Veterinárias e Zoologia da UNIPAR (Brazil)
_xISSN 1415-8167
_g(Jan-Jun 2012), v. 14(1) p. 33-35
_wBR2012007324
909 _a202311
_bLúcia
_c55
_dLúcia Elande
942 _2AGRIS
_n0
_cANA
999 _c222794
_d222794